|
|
|
|
| LEADER |
01211cam a2200325Ia 4500 |
| 001 |
9780203432754 |
| 003 |
FlBoTFG |
| 005 |
20091230162920.0 |
| 006 |
a|||||s||||||||||| |
| 007 |
cr|||| |
| 008 |
961205s1997 enk sb 001 0 eng d |
| 020 |
|
|
|a 9780203432754 (e-book : PDF)
|
| 040 |
|
|
|a FlBoTFG
|c FlBoTFG
|d GrThAP
|
| 043 |
|
|
|a e------
|a ff-----
|a aw-----
|
| 090 |
|
|
|a PA6019
|b .R66 1997
|
| 092 |
|
|
|a 808.00937
|b R758
|
| 245 |
0 |
0 |
|a Roman eloquence
|h [electronic resource] :
|b rhetoric in society and literature /
|c edited by William J. Dominik.
|
| 260 |
|
|
|a London ;
|a New York :
|b Routledge,
|c 1997.
|
| 300 |
|
|
|a xii, 268 p.
|
| 504 |
|
|
|a Includes bibliographical references (p. 246-260) and indexes.
|
| 530 |
|
|
|a Also available in print edition.
|b CRC Press (http://www.crcpress.com)
|
| 538 |
|
|
|a Mode of access: World Wide Web.
|
| 650 |
|
0 |
|a Latin literature
|x History and criticism
|x Theory, etc.
|
| 650 |
|
0 |
|a Literature and society
|z Rome.
|
| 650 |
|
0 |
|a Rhetoric, Ancient.
|
| 651 |
|
0 |
|a Rome
|x Social life and customs.
|
| 655 |
|
7 |
|a Electronic books.
|2 lcsh
|
| 700 |
1 |
|
|a Dominik, William J.
|
| 776 |
1 |
|
|z 9780415125451
|
| 856 |
4 |
0 |
|u http://www.tandfebooks.com/isbn/9780203432754
|z Full Text via HEAL-Link
|